Summer Olympics -- Medalists at Cycling - Statistics

General Stats
  • This quiz has been taken 89 times
    35 since last reset
  • The average score is 31 of 46
Answer Stats
Olympic Team % Correct
Australia
94%
Belgium
94%
Canada
94%
Great Britain
94%
Russia
94%
United States
94%
France
88%
Italy
88%
Netherlands
88%
China
85%
Denmark
85%
Norway
85%
Spain
85%
Sweden
85%
Austria
82%
Japan
82%
New Zealand
82%
Switzerland
82%
Argentina
79%
Germany
79%
Poland
79%
Soviet Union
76%
Colombia
74%
Czechia
71%
Slovenia
71%
Portugal
68%
South Africa
68%
Mexico
65%
Estonia
59%
Latvia
59%
Lithuania
59%
Greece
56%
Czechoslovakia
53%
East Germany
53%
Ecuador
53%
Belarus
50%
Ukraine
50%
Venezuela
50%
Kazakhstan
44%
West Germany
44%
Uruguay
35%
Cuba
32%
Malaysia
18%
Jamaica
15%
Russian Olympic Committee
15%
Hong Kong
12%
No matching quizzes found
Score Distribution
Percent of People with Each Score
Percentile by Number Answered
Your Score History
You have not taken this quiz since the last reset